000 01189cam a2200337 i 4500
003 EG-GICUC
005 20260224094829.0
008 921120s1993 enk frb 001 0 eng d
020 _a1855670852
020 _a9781855670853
040 _aDLC
_cDLC
_dDLC
_dEG-GICUC
_beng
_erda
043 _ad------
050 0 0 _aJC599.D44
_bT65 1993
082 0 0 _a341.48
_221
092 0 4 _221
099 _aLaw 11 1993
100 1 _aTomaševski, K.
_q(Katarina)
245 1 0 _aDevelopment aid and human rights revisted /
_cKatarina Tomaševski.
264 _aLondon ;
_aNew York :
_bPinter Publishers ;
_aNew York :
_bDistributed in the United States and Canada by St. Martin's Press,
_c1993.
300 _axvii, 223 pages ;
_c24 cm.
336 _atext
_2rdacontent
337 _aCompter
_2rdamedia
338 _aOnline Resource
_2rdacarrier
500 _aRev. ed. of: Development aid and human rights. 1989.
504 _aIncludes bibliographical references and index.
650 0 _aHuman rights
_zDeveloping countries.
650 0 _aEconomic assistance
_zDeveloping countries.
856 4 0 _uhttps://fll.law.cu.edu.eg/fulltext/bks/ENGB11-00062.pdf
905 _a10
942 _2ddc
_cBK
_e21
_n0
999 _c58465
_d58465